000
00342nam a22001577a 4500
005
20160624114020.0
008
160624b xxu||||| |||| 00| 0 eng d
041
_a
eng
082
_b
9501
100
_a
Kotler, Philip
_9
2640
245
_a
Marketing Management
260
_b
PHI
300
_a
351
650
_a
Management
_9
241
942
_c
BK
999
_c
3793
_d
3792